000 02306nam a2200409 c 4500
003 BLK
005 20230411030316.0
008 180409b bul|||||r ||||||| ||bul||
010 _aKNG00129089000
040 _aBLK
041 _aBUL
_cBUL
080 _aАрхеологически разкопки
_b902.2
_x(497.2)
_z902.2(497.2)
080 _aНационалноосвободителното движение в България (1856-1877)
_b94(497.2)"1856/1877"
_x(092)
_z94(497.2)"1856/1877"(092)
080 _aВасил Иванов Кунчев, известен и като Апостола на свободата, идеолог и организатор на българската национална революция, национален герой
_b929 Левски, Васил
_x
_z929 Левски, Васил
700 1 _aТодоров, Николай
_eсъстав.
_gНиколай Тодоров
_9363506
139 _aАрхеологически данни по спора за гроба на Васил Левски в църквата "Св. Петка Самарджийска"
_bА 90
245 1 0 _aАрхеологически данни по спора за гроба на Васил Левски в църквата "Св. Петка Самарджийска"
_bДок. и становища
_cсъстав. Николай Тодоров.
257 _aBGR
260 София
_bБАН
_c1988
300 _a484 с.
_bс ил.
_c30 см
380 _a9
500 _a5 000 тир. - Именен показалец.
650 4 _aАрхеологически паметници - България
_9244116
650 4 _aНационалноосвободително движение - България
_9242410
650 4 _aСофия - старини
_9260248
651 4 _aБългария
_9241624
653 _aВасил Левски
653 _aархеологически разкопки
653 _aархеологически паметници
852 _aЦб ІІ 7130
856 4 _qpdf
_u
856 4 _qpdf
_u
942 _cKNG
_n0
944 _aCR
_c21.03.2012
_l21.03.2012 - от С1,Р / 21.03.2012
_kВиолета_Тройчева
944 _aED
_c21.03.2012
_l21.03.2012 - от С1,Р / 21.03.2012
_k
999 _c123429
_d123429